Proverbios (Registro nro. 36863)
[ vista simple ]
| 000 -LÍDER | |
|---|---|
| Campo fijo de descripción fija | 01495nam a22002657a 4500 |
| 001 - NÚMERO DE CONTROL | |
| Campo de control | 6595 |
| 003 - IDENTIFICADOR DEL NÚMERO DE CONTROL | |
| Campo de control | CO-MdFUSB |
| 005 - FECHA Y HORA DE LA ULTIMA TRANSACCIÓN | |
| control field | 20170922084953.0 |
| 008 - ELEMENTOS DE LONGITUD FIJA -- INFORMACIÓN GENERAL | |
| Campo fijo de descripción fija -- Información general | 170922t2003 ne ||||| |||| 00| 0 spa d |
| 020 ## - NÚMERO INTERNACIONAL NORMALIZADO PARA LIBROS | |
| Número Internacional Normalizado del libro | 90-6311001-4 : Donación |
| 040 ## - FUENTE DE CATALOGACIÓN | |
| Agencia de catalogación original | CO-MdFUSB |
| Idioma de catalogación | spa |
| Agencia que realiza la transcripción | CO-MdFUSB |
| Agencia que realiza la modificación | CO-MdFUSBC |
| Convenciones de la descripción | rda |
| 041 0# - CÓDIGO DE IDIOMA | |
| Código de idioma para texto/pista de sonido o título separado | spa |
| 082 04 - NÚMERO DE CLASIFICACIÓN DECIMAL DEWEY | |
| Número de clasificación | G 223.7 V243p |
| 100 1# - ASIENTO PRINCIPAL--NOMBRE PERSONAL | |
| Nombre personal | Van Deursen, Frans |
| Término relacionador | autor |
| 245 #0 - TÍTULO | |
| Título del Material | Proverbios |
| Mención de responsabilidad, etc. | / Frans Van Deursen |
| 264 #4 - PRODUCCIÓN, PUBLICACIÓN, DISTRIBUCIÓN, MANUFACTURA, Y COPYRIGHT | |
| Lugar de producción, publicación, distribución, manufactura | Rijswijk, Países Bajos : |
| Nombre del productor, publicador, distribuidor | Fundación Editorial de Literatura Reformada FELIRE, |
| Fecha de producción, publicación, distribución, manufactura, o copyright | ©2003 |
| 300 ## - DESCRIPCIÓN FÍSICA | |
| Extensión | 426 p. |
| 336 ## - TIPO DE CONTENIDO | |
| Fuente | rdacontent |
| Término de tipo de contenido | texto |
| Código de tipo de contenido | txt |
| 337 ## - TIPO DE MEDIO | |
| Fuente | rdamedia |
| Nombre del tipo de medio | sin mediación |
| Código del tipo de medio | n |
| 338 ## - TIPO DE SOPORTE | |
| Fuente | rdacarrier |
| Nombre del tipo de soporte | volumen |
| Código Tipo de soporte | nc |
| 500 ## - NOTA GENERAL | |
| Nota General | Título original: Spreuken |
| 505 00 - NOTA DE CONTENIDO | |
| Nota de contenido con formato preestablecido | Proverbios o Meshalim -- Manual para su uso y aplicación -- El principio de la sabiduría es el temor a Yahvé -- Escuchar hace sabio, y la sabiduría hace vivir, íPero, hay que escuchar a tiempo! -- El buscador de la sabiduría encuentra también sentido y protección de la vida -- En el cumplimiento de los mandamientos de Dios hay gran galardón para toda nuestra vida -- Lo que l propio Salomón aprendió -- Adulterio y prostitución -- La imaginaria doña sabiduría -- ¿Qué invitación aceptas? - El "verdadero" libro de proverbios -- Proverbios de Salomón -- Algunas palabras de otros sabios -- Algunas palabras de Agur, hijo de Jaqué -- Canto de alabanza a una mujer virtuosa. |
| 653 ## - TÉRMINO DE INDIZACIÓN - NO CONTROLADO | |
| Término no controlado | Biblia A.T. - Proverbios - Comentarios |
| 942 ## - TIPO DE MATERIAL (KOHA) | |
| Tipo de Item KOHA | Libros General |
| Estado de Material | Estado de Perdido | Forma de Clasificación | Estado de Dañado | No para Préstamo | Colección | Tomo | Biblioteca de Origen | Biblioteca Permanente | Fecha de Adquisición | Área | Total de Préstamos | Total de Renovaciones | Signatura Topográfica | Código de Barras | Última vez visto | Última vez Préstado | Ejemplar/Existencia | Fecha de Remplazo | Tipo de Material |
|---|---|---|---|---|---|---|---|---|---|---|---|---|---|---|---|---|---|---|---|
| Dewey Decimal Classification | Colección General | Biblioteca FUSBC | Biblioteca FUSBC | 29/09/2010 | BIBLIA | 17 | 14 | G 223.7 V243p | 2697 | 19/02/2026 | 18/02/2026 | 1 | 26/01/2016 | Libros General |
